000 00801nam a2200217Ia 4500
001 9834
003 GE_BSU
008 181216s||||||||xx |||||||||||||| ||und||
040 _cGE_BSU
080 _a821.353.1–2
100 _aმრევლიშვილი,მიხეილ.
245 _aბედი მგოსნისა:ნიკოლოზ ბარათაშვილი. პიესა
245 _cრედ.მ.ამაშუკელი.მხატვ.ო.ჯიშკარიანი
260 _aთბილისი
260 _bნაკადული
260 _c1968
300 _a121გვ.16სმ.
653 _aბედი მგოსნისა:ნიკოლოზ ბარათაშვილი.
653 _aპიესა
942 _cBK
999 _c43113
_d43113